| 000 | 00467nam a2200181Ia 4500 | ||
|---|---|---|---|
| 008 | 230125s9999 xx 000 0 und d | ||
| 041 | _aeng | ||
| 082 |
_a658 _bRAV |
||
| 100 |
_aRavindranath P K _9111761 |
||
| 245 | _aNews media management | ||
| 260 |
_c2005 _bEnglish edition publishers _aNew Delhi |
||
| 300 | _a85p | ||
| 500 | _aGeneral Management | ||
| 650 | _aManagement | ||
| 700 |
_aRavindranath P K _9111761 |
||
| 906 | _b81 | ||
| 999 |
_c88677 _d88677 |
||